[Event "HUN-chT2 Szechenyi 1415"]
[Site "Hungary"]
[Date "2015.03.22"]
[Round "10.12"]
[White "Kertesz, Zsolt"]
[Black "Piri, Tamas"]
[Result "1-0"]
[WhiteElo "1445"]
[BlackElo "1513"]
[PlyCount "83"]
[EventDate "2014.09.07"]
[EventType "team-tourn"]
[EventRounds "11"]
[EventCountry "HUN"]
[SourceTitle "EXT 2016"]
[Source "ChessBase"]
[SourceDate "2015.10.08"]
[SourceVersion "1"]
[SourceVersionDate "2015.10.08"]
[SourceQuality "1"]
[WhiteTeam "Csuti"]
[BlackTeam "Sarvar"]
[WhiteTeamCountry "HUN"]
[BlackTeamCountry "HUN"]

1. d4 d5 2. Nf3 Nc6 3. c4 e6 4. Nc3 Nf6 5. Bg5 Be7 6. e3 h6 7. Bf4 a6 8. Bd3 Nb4 9. 0-0 Bd7 10. Be2 Nc6 11. a3 b6 12. b4 Na7 13. Ne5 Bd6 14. Nxd7 Qxd7 15. Bxd6 Qxd6 16. c5 Qd7 17. cxb6 cxb6 18. Bxa6 b5 19. a4 0-0 20. Bxb5 Nxb5 21. Nxb5 Rfb8 22. Qb3 Ne4 23. Rfd1 Qc6 24. f3 Nd2 25. Rxd2 Rxb5 26. a5 Qb7 27. Rb2 Ra6 28. Qa3 Raxa5 29. bxa5 Rxb2 30. a6 Rb1+ 31. Rxb1 Qxb1+ 32. Kf2 Qc2+ 33. Ke1 Qxg2 34. a7 Qg1+ 35. Kd2 Qf2+ 36. Kc1 Qe1+ 37. Kc2 Qe2+ 38. Kc3 Qxe3+ 39. Kb4 Qxd4+ 40. Kb5 Qc4+ 41. Kb6 Qd4+ 42. Kb7 1-0

[Event "HUN-chT2 Szechenyi 1415"]
[Site "Hungary"]
[Date "2015.02.08"]
[Round "8.12"]
[White "Kertesz, Zsolt"]
[Black "Balogh, Balint"]
[Result "1/2-1/2"]
[WhiteElo "1445"]
[BlackElo "1553"]
[PlyCount "24"]
[EventDate "2014.09.07"]
[EventType "team-tourn"]
[EventRounds "11"]
[EventCountry "HUN"]
[SourceTitle "EXT 2016"]
[Source "ChessBase"]
[SourceDate "2015.10.08"]
[SourceVersion "1"]
[SourceVersionDate "2015.10.08"]
[SourceQuality "1"]
[WhiteTeam "Csuti"]
[BlackTeam "Papa"]
[WhiteTeamCountry "HUN"]
[BlackTeamCountry "HUN"]

1. d4 e6 2. Nf3 f5 3. c4 Bb4+ 4. Nc3 Nf6 5. a3 Be7 6. Bg5 b6 7. e3 Bb7 8. Bd3 h6 9. Bh4 d6 10. 0-0 0-0 11. Re1 Qe8 12. Bg3 a6 1/2-1/2